LIBRARY & INFORMATION CENTRE, KCAET, TAVANUR

ONLINE PUBLIC ACCESS CATALOGUE (OPAC)

Normal view MARC view
  • Flow theory

Entry Topical Term

Number of records used in: 2

001 - CONTROL NUMBER

  • control field: 150

003 - CONTROL NUMBER IDENTIFIER

  • control field: OSt

005 - DATE AND TIME OF LATEST TRANSACTION

  • control field: 20141210115132.0

008 - FIXED-LENGTH DATA ELEMENTS

  • fixed length control field: 141210|| aca||aabn | a|a d

040 ## - CATALOGING SOURCE

  • Original cataloging agency: OSt
  • Transcribing agency: OSt

150 ## - HEADING--TOPICAL TERM

  • Topical term or geographic name as entry element: Flow theory

670 ## - SOURCE DATA FOUND

  • Source citation: Work cat.: (OSt): Subramanya K 149, Flow in open channels , 2011
free website counter